[Event "GER-chT Federal Cup (Women)"]
[Site "Braunfels"]
[Date "2012.06.08"]
[Round "3.7"]
[White "Kaplun, Viktoria"]
[Black "Kohm, Vanessa"]
[Result "1-0"]
[WhiteElo "1876"]
[BlackElo "1781"]
[PlyCount "69"]
[EventDate "2012.06.07"]
[EventType "team-swiss"]
[EventRounds "5"]
[EventCountry "GER"]
[SourceTitle "CBM 149 Extra"]
[Source "ChessBase"]
[SourceDate "2012.08.24"]
[SourceVersion "1"]
[SourceVersionDate "2012.08.24"]
[SourceQuality "1"]
[WhiteTeam "Nordrhein Westfalen (W)"]
[BlackTeam "Baden (W)"]
[WhiteTeamCountry "GER"]
[BlackTeamCountry "GER"]

1. d4 d5 2. c4 c6 3. Nf3 Nf6 4. e3 e6 5. Bd3 Bd6 6. 0-0 Nbd7 7. Qc2 e5 8. dxe5 Nxe5 9. Nxe5 Bxe5 10. Nc3 Be6 11. cxd5 Nxd5 12. Nxd5 Bxd5 13. f4 Bc7 14. e4 Bb6+ 15. Kh1 Be6 16. f5 Bd7 17. Bf4 Qe7 18. Rae1 0-0-0 19. e5 Qc5 20. e6 Be8 21. Qb3 fxe6 22. fxe6 Qe7 23. Qc3 Bd4 24. Qb3 Rf8 25. a4 g5 26. Bg3 Rxf1+ 27. Rxf1 h5 28. h3 g4 29. Bf5 Rd5 30. hxg4 hxg4 31. Bxg4 Qh7+ 32. Bh3 Rh5 33. Bd6 Be5 34. Bxe5 Rxe5 35. Rf7 1-0

[Event "GER-chT Federal Cup (Women)"]
[Site "Braunfels"]
[Date "2012.06.07"]
[Round "1.7"]
[White "Kaplun, Viktoria"]
[Black "Spiel, Marianne"]
[Result "0-1"]
[WhiteElo "1876"]
[BlackElo "1942"]
[PlyCount "100"]
[EventDate "2012.06.07"]
[EventType "team-swiss"]
[EventRounds "5"]
[EventCountry "GER"]
[SourceTitle "CBM 149 Extra"]
[Source "ChessBase"]
[SourceDate "2012.08.24"]
[SourceVersion "1"]
[SourceVersionDate "2012.08.24"]
[SourceQuality "1"]
[WhiteTeam "Nordrhein Westfalen (W)"]
[BlackTeam "Bayern Muenchen (W)"]
[WhiteTeamCountry "GER"]
[BlackTeamCountry "GER"]

1. d4 Nf6 2. c4 e6 3. Nc3 d5 4. cxd5 exd5 5. Bg5 Be7 6. e3 0-0 7. Bd3 c6 8. Qc2 Nbd7 9. Nge2 Re8 10. 0-0 Nf8 11. Rfe1 Ng6 12. Rad1 Bg4 13. f3 Be6 14. Ng3 Qb6 15. Na4 Qc7 16. Nc5 Nf8 17. Nxe6 fxe6 18. Bh4 e5 19. Nf1 exd4 20. exd4 Qf4 21. Bf2 Bd8 22. Rxe8 Nxe8 23. Qe2 Bb6 24. Qe7 Qf7 25. Qe2 Nf6 26. Bc2 Re8 27. Qd3 g6 28. Re1 Rxe1 29. Bxe1 Ne6 30. Bf2 Nh5 31. g3 Nhg7 32. Nd2 Nf5 33. Nb3 Qg7 34. Qe2 Nexd4 35. Nxd4 Nxd4 36. Qe8+ Qf8 37. Qxf8+ Kxf8 38. Bd1 Ke7 39. Kf1 Ke6 40. Bxd4 Bxd4 41. b3 Ke5 42. Ke2 Bg1 43. h3 Kd4 44. Kd2 Bf2 45. g4 Be3+ 46. Kc2 Bg5 47. a4 Ke3 48. Kc3 d4+ 49. Kc2 d3+ 50. Kc3 Bf6+ 0-1

[Event "Cologne Longerich op 6th"]
[Site "Cologne"]
[Date "2009.08.22"]
[Round "2"]
[White "Rieger, Angelique"]
[Black "Kaplun, Viktoria"]
[Result "0-1"]
[WhiteElo "1181"]
[BlackElo "1752"]
[PlyCount "66"]
[EventDate "2009.08.21"]
[EventType "swiss"]
[EventRounds "5"]
[EventCountry "GER"]
[SourceTitle "EXT 2012"]
[Source "ChessBase"]
[SourceDate "2011.11.24"]
[SourceVersion "1"]
[SourceVersionDate "2011.11.24"]
[SourceQuality "1"]

1. d4 Nf6 2. c4 g6 3. Nc3 d6 4. e4 Bg7 5. Nf3 0-0 6. Bf4 c5 7. dxc5 dxc5 8. Nb5 Na6 9. Nd2 Nh5 10. Be3 Bxb2 11. Rb1 Bg7 12. Be2 b6 13. 0-0 Nf6 14. Bf3 Bb7 15. Re1 Nb4 16. a3 Nd3 17. Rf1 Ne5 18. Bf4 Nxf3+ 19. Qxf3 Nh5 20. Be3 a6 21. g4 axb5 22. gxh5 Rxa3 23. cxb5 Qxd2 24. Bxd2 Rxf3 25. h6 Bd4 26. Rbe1 Ra8 27. e5 Ra2 28. Be3 Bxe3 29. Rxe3 Rxe3 30. fxe3 Rg2+ 31. Kh1 Rg3+ 32. e4 Bxe4+ 33. Rf3 Bxf3# 0-1

[Event "GER-chT U20 Girls"]
[Site "Stuttgart"]
[Date "2007.12.29"]
[Round "6.2"]
[White "Kaplun, Viktoria"]
[Black "Remy, Janina"]
[Result "0-1"]
[WhiteElo "1842"]
[BlackElo "1937"]
[PlyCount "64"]
[EventDate "2007.12.27"]
[EventType "team-swiss"]
[EventRounds "7"]
[EventCountry "GER"]
[SourceTitle "EXT 2009"]
[Source "ChessBase"]
[SourceDate "2008.11.26"]
[SourceVersion "1"]
[SourceVersionDate "2008.11.26"]
[SourceQuality "1"]
[WhiteTeam "Porz SG U20 Girls"]
[BlackTeam "Nastaetten SC U20 Girls"]
[WhiteTeamCountry "GER"]
[BlackTeamCountry "GER"]

1. d4 d5 2. c4 c6 3. Nf3 Nf6 4. e3 Bf5 5. Be2 e6 6. 0-0 Nbd7 7. Nbd2 Bd6 8. b3 0-0 9. Bb2 Ne4 10. Rc1 Rc8 11. Re1 Bg6 12. Nxe4 dxe4 13. Ne5 f6 14. Nxd7 Qxd7 15. c5 Bb8 16. Bc4 Kh8 17. b4 a6 18. Qb3 Rce8 19. Red1 Bh5 20. Rd2 f5 21. g3 Qf7 22. a4 Qg6 23. b5 axb5 24. axb5 f4 25. bxc6 bxc6 26. Bf1 Bf3 27. Rcc2 Rf7 28. Ba1 Ref8 29. Rb2 fxg3 30. fxg3 Bxg3 31. hxg3 Qxg3+ 32. Bg2 Bxg2 0-1

[Event "GER-chT U20 Girls"]
[Site "Stuttgart"]
[Date "2007.12.27"]
[Round "1.2"]
[White "Rath, Alina"]
[Black "Kaplun, Viktoria"]
[Result "1/2-1/2"]
[WhiteElo "1907"]
[BlackElo "1842"]
[PlyCount "164"]
[EventDate "2007.12.27"]
[EventType "team-swiss"]
[EventRounds "7"]
[EventCountry "GER"]
[SourceTitle "EXT 2009"]
[Source "ChessBase"]
[SourceDate "2008.11.26"]
[SourceVersion "1"]
[SourceVersionDate "2008.11.26"]
[SourceQuality "1"]
[WhiteTeam "Koenig Tegel U20 Girls"]
[BlackTeam "Porz SG U20 Girls"]
[WhiteTeamCountry "GER"]
[BlackTeamCountry "GER"]

1. c4 c5 2. Nc3 Nf6 3. e4 e6 4. g3 d6 5. Bg2 a6 6. Nge2 Qc7 7. 0-0 Be7 8. d3 Nc6 9. h3 Rb8 10. a4 b6 11. Be3 0-0 12. f4 Rd8 13. g4 Bb7 14. g5 Ne8 15. b3 Nb4 16. d4 d5 17. cxd5 exd5 18. e5 g6 19. Rc1 Ng7 20. Ng3 Qd7 21. Qd2 Ne6 22. Nce2 Nc6 23. Kh2 Nexd4 24. Nxd4 Nxd4 25. Bxd4 cxd4 26. Qxd4 Bc5 27. Qd3 Qe6 28. Rce1 Bb4 29. Rc1 Rbc8 30. Bf3 Rxc1 31. Rxc1 Qe7 32. Rc2 a5 33. Rc1 Kg7 34. Ne2 h6 35. h4 hxg5 36. hxg5 Qe6 37. Kg3 Bc5 38. Bg4 Qe7 39. Nd4 Rh8 40. Nb5 Qd8 41. Rd1 Qd7 42. Rc1 Ba8 43. Rc2 Qd8 44. Rd2 Bb4 45. Rc2 Bc5 46. Rd2 Qe7 47. Qc2 Bb4 48. Rd3 Be1+ 49. Kg2 d4+ 50. Bf3 Bxf3+ 51. Rxf3 Qe6 52. Kg1 Qg4+ 53. Qg2 Qd7 54. Rd3 Qf5 55. Qf3 Bc3 56. Nd6 Qe6 57. Nc4 Rh4 58. Kg2 Qf5 59. Nd6 Qxf4 60. Qxf4 Rxf4 61. Kg3 Rf1 62. Rf3 Rxf3+ 63. Kxf3 Kf8 64. Ke4 d3 65. Kxd3 Bxe5 66. Ne4 Ke7 67. Kc4 Kd7 68. Kd5 Bb2 69. Nd2 Bc1 70. Nf3 Bf4 71. Ke4 Bc1 72. Kd5 Bf4 73. Ke4 Bd6 74. Kd5 Bc5 75. Ne5+ Ke7 76. Nc6+ Kd7 77. Ne5+ Ke8 78. Ke4 Ke7 79. Ng4 Ke6 80. Nh2 Be7 81. Nf3 f6 82. gxf6 Bxf6 1/2-1/2

[Event "GER-ch internet U25 qual 02"]
[Site "Playchess.com INT"]
[Date "2007.05.23"]
[Round "2"]
[White "Kaplun, Viktoria"]
[Black "Heerd, Thomas"]
[Result "0-1"]
[WhiteElo "1939"]
[BlackElo "2042"]
[PlyCount "74"]
[EventDate "2007.05.23"]
[EventType "swiss (blitz)"]
[EventRounds "7"]
[EventCountry "GER"]
[SourceTitle "EXT 2009"]
[Source "ChessBase"]
[SourceDate "2008.11.26"]
[SourceVersion "1"]
[SourceVersionDate "2008.11.26"]
[SourceQuality "1"]

1. d4 d6 2. c4 e5 3. dxe5 dxe5 4. Qxd8+ Kxd8 5. Nc3 Be6 6. e3 Ne7 7. Bd2 Nd7 8. Bd3 c6 9. a3 Nc5 10. Bc2 Bxc4 11. Nge2 Nd5 12. b4 Ne6 13. 0-0-0 Kc7 14. Kb2 a5 15. bxa5 Rxa5 16. a4 Ra8 17. Nxd5+ Bxd5 18. Nc3 Bxg2 19. Rhg1 Bf3 20. Rc1 Kd8 21. Be4 Bxe4 22. Nxe4 Rxa4 23. Rgd1 Kc8 24. Nc3 Ba3+ 25. Kc2 Bxc1 26. Nxa4 Bxd2 27. Rxd2 Rd8 28. Re2 b5 29. Nc3 Kc7 30. Ne4 f5 31. Ng3 g6 32. h4 Ra8 33. Kb3 c5 34. Rd2 Kc6 35. f3 c4+ 36. Kc2 Ra2+ 37. Kc3 b4+ 0-1

[Event "GER-ch internet U25 qual 01"]
[Site "Playchess.com INT"]
[Date "2007.05.20"]
[Round "3"]
[White "Kaplun, Viktoria"]
[Black "Wetscherek, Andreas"]
[Result "1-0"]
[WhiteElo "1939"]
[BlackElo "2293"]
[PlyCount "131"]
[EventDate "2007.05.20"]
[EventType "swiss (blitz)"]
[EventRounds "7"]
[EventCountry "GER"]
[SourceTitle "EXT 2009"]
[Source "ChessBase"]
[SourceDate "2008.11.26"]
[SourceVersion "1"]
[SourceVersionDate "2008.11.26"]
[SourceQuality "1"]

1. d4 g6 2. c4 Nf6 3. Nc3 d5 4. cxd5 Nxd5 5. e3 Bg7 6. Bd3 c5 7. Nge2 cxd4 8. exd4 Nc6 9. Bc2 0-0 10. a3 b6 11. 0-0 Bb7 12. Bg5 Re8 13. Bh4 Rc8 14. Be4 Nf6 15. Bc2 Qd7 16. f3 Ba6 17. Bf2 Red8 18. Re1 e6 19. Ba4 Qb7 20. Qd2 Ne7 21. Rac1 Nfd5 22. Nxd5 Nxd5 23. Nf4 Bh6 24. Bg3 Nxf4 25. Bxf4 Bxf4 26. Qxf4 b5 27. Bb3 Qd7 28. Rxc8 Rxc8 29. Qe5 Bb7 30. Rd1 Rd8 31. Qc5 a6 32. Kf2 Qd6 33. Qxd6 Rxd6 34. Ke3 Kf8 35. Rc1 Ke7 36. Rc7+ Rd7 37. Rxd7+ Kxd7 38. g3 Kd6 39. f4 f6 40. Ba2 Bd5 41. Bb1 f5 42. Bd3 Kc6 43. Be2 Be4 44. h4 Kd5 45. g4 Bb1 46. gxf5 exf5 47. h5 Be4 48. a4 bxa4 49. hxg6 hxg6 50. Bxa6 Kc6 51. Bc4 Kb6 52. Bf7 Ka5 53. Bxg6 Kb4 54. Bf7 Bh1 55. d5 Kc5 56. Be6 Bxd5 57. Bxf5 Kb4 58. Bc2 Bb3 59. Bb1 a3 60. bxa3+ Kxa3 61. f5 Kb4 62. f6 Bf7 63. Kf4 Kc5 64. Ke5 Bc4 65. Bf5 Kc6 66. Be6 1-0

[Event "Duisburg Grossenbaum op"]
[Site "Duisburg"]
[Date "2005.05.16"]
[Round "6"]
[White "Meinert, Thomas"]
[Black "Kaplun, Viktoria"]
[Result "1/2-1/2"]
[WhiteElo "1815"]
[BlackElo "1944"]
[PlyCount "39"]
[EventDate "2005.05.13"]
[EventType "swiss"]
[EventRounds "7"]
[EventCountry "GER"]
[SourceTitle "EXT 2006"]
[Source "ChessBase"]
[SourceDate "2005.11.24"]
[SourceVersion "1"]
[SourceVersionDate "2005.11.24"]
[SourceQuality "1"]

1. c4 c5 2. Nc3 e6 3. e4 a6 4. d4 cxd4 5. Qxd4 Qc7 6. f4 d6 7. Nf3 Nf6 8. Be2 Be7 9. h3 0-0 10. Be3 Nc6 11. Qd2 b6 12. 0-0 Bb7 13. b3 Rac8 14. Rad1 Rfd8 15. Bd3 Nb8 16. Qf2 Nbd7 17. Na4 Bxe4 18. Nxb6 Rb8 19. Nxd7 Rxd7 20. Be2 1/2-1/2

[Event "Oberliga NRW 0405"]
[Site "Germany"]
[Date "2005.04.03"]
[Round "8.8"]
[White "Kaplun, Viktoria"]
[Black "Dormann, Lars"]
[Result "0-1"]
[WhiteElo "1944"]
[BlackElo "2249"]
[PlyCount "78"]
[EventDate "2004.10.10"]
[EventType "team-tourn"]
[EventRounds "9"]
[EventCountry "GER"]
[SourceTitle "EXT 2006"]
[Source "ChessBase"]
[SourceDate "2005.11.24"]
[SourceVersion "1"]
[SourceVersionDate "2005.11.24"]
[SourceQuality "1"]
[WhiteTeam "Gerresheim"]
[BlackTeam "Muenster"]
[WhiteTeamCountry "GER"]
[BlackTeamCountry "GER"]

1. d4 d6 2. c4 e5 3. dxe5 dxe5 4. Qxd8+ Kxd8 5. Nf3 f6 6. Nc3 Be6 7. b3 Nd7 8. Bb2 Nh6 9. e3 c6 10. Be2 Kc7 11. 0-0 Nf7 12. Rfd1 a5 13. Rac1 Nc5 14. Nd2 Be7 15. Nde4 Nxe4 16. Nxe4 a4 17. Nc3 axb3 18. axb3 Ba3 19. Bxa3 Rxa3 20. Na4 b6 21. Rc3 Ra8 22. Rdc1 Rd8 23. Bd3 f5 24. f3 c5 25. Nb2 Ra2 26. R1c2 g6 27. Be2 Ra1+ 28. Kf2 e4 29. Na4 Ne5 30. f4 Nc6 31. Rc1 Ra2 32. R1c2 Rd2 33. Rxd2 Rxd2 34. Ke1 Ra2 35. Kf2 Na5 36. Ke1 Bd7 37. h3 Ra1+ 38. Kf2 Rb1 39. g4 Nxb3 0-1

[Event "NRW-ch U16/18 Girls"]
[Site "Kranenburg"]
[Date "2005.04.02"]
[Round "7"]
[White "Kaplun, Viktoria"]
[Black "Kaehmann, Lisa"]
[Result "1-0"]
[WhiteElo "1944"]
[BlackElo "1520"]
[PlyCount "57"]
[EventDate "2005.03.28"]
[EventType "swiss"]
[EventRounds "7"]
[EventCountry "GER"]
[SourceTitle "CBM 105 Extra"]
[Source "ChessBase"]
[SourceDate "2005.05.01"]
[SourceVersion "1"]
[SourceVersionDate "2005.05.01"]
[SourceQuality "1"]

1. d4 Nf6 2. c4 g6 3. Nc3 Bg7 4. e4 d6 5. f3 0-0 6. Bg5 c5 7. d5 Na6 8. Qd2 Nc7 9. Bd3 Bd7 10. Nge2 a6 11. g4 b5 12. Ng3 bxc4 13. Bxc4 Nb5 14. Bxb5 Bxb5 15. h4 Rb8 16. h5 Rb7 17. Bh6 Ne8 18. Bxg7 Nxg7 19. Qh6 Qc8 20. hxg6 fxg6 21. Qxh7+ Kf7 22. Rh6 Rg8 23. Qxg6+ Kf8 24. Rh7 Be8 25. Qg5 Rxb2 26. Qf4+ Bf7 27. Nh5 Qe8 28. Nxg7 Rxg7 29. Rh8+ 1-0

[Event "NRW-ch U16/18 Girls"]
[Site "Kranenburg"]
[Date "2005.03.28"]
[Round "1"]
[White "Czygan, Dana"]
[Black "Kaplun, Viktoria"]
[Result "1-0"]
[WhiteElo "1350"]
[BlackElo "1944"]
[PlyCount "133"]
[EventDate "2005.03.28"]
[EventType "swiss"]
[EventRounds "7"]
[EventCountry "GER"]
[SourceTitle "CBM 105 Extra"]
[Source "ChessBase"]
[SourceDate "2005.05.01"]
[SourceVersion "1"]
[SourceVersionDate "2005.05.01"]
[SourceQuality "1"]

1. c4 c5 2. Nf3 e6 3. g3 b6 4. Bg2 Bb7 5. Nc3 Nf6 6. d3 a6 7. e4 d6 8. 0-0 Qc7 9. Re1 Nbd7 10. Qc2 Be7 11. Re2 0-0 12. Be3 Rac8 13. Nd2 Ne5 14. f4 Neg4 15. Rae1 Nxe3 16. Rxe3 Rfd8 17. R3e2 Bf8 18. b3 Nd7 19. Nf3 Nb8 20. a3 Nc6 21. Qb2 Nd4 22. Nxd4 cxd4 23. Nd1 e5 24. Rf1 b5 25. Rff2 bxc4 26. bxc4 Rb8 27. Qa2 Bc6 28. Rb2 Ba4 29. Rf1 Bxd1 30. Rxd1 Rxb2 31. Qxb2 Rb8 32. Qc2 Qb6 33. Bf1 Qb3 34. Qxb3 Rxb3 35. Ra1 Be7 36. a4 a5 37. Ra2 exf4 38. gxf4 Bd8 39. Kg2 Bb6 40. Kf3 Kf8 41. e5 dxe5 42. fxe5 Ke7 43. Ke4 Rb1 44. Bg2 Re1+ 45. Kd5 f6 46. exf6+ Kxf6 47. Be4 g6 48. c5 Ba7 49. Rb2 Ra1 50. Rb7 Bxc5 51. Kxc5 Rxa4 52. Ra7 h5 53. Ra6+ Kg5 54. Rxg6+ Kf4 55. Ra6 h4 56. Kb5 Ra2 57. Rxa5 Rxh2 58. Kc4 Ke3 59. Ra1 Rc2+ 60. Kd5 h3 61. Re1+ Kf2 62. Rh1 Kg3 63. Kxd4 h2 64. Ra1 Rg2 65. Bxg2 Kxg2 66. Ke5 h1Q 67. Rxh1 1-0

[Event "Dortmund op-B"]
[Site "Dortmund"]
[Date "2004.07.31"]
[Round "9"]
[White "Kaplun, Viktoria"]
[Black "Jahnke, Bernd"]
[Result "0-1"]
[WhiteElo "1784"]
[BlackElo "1801"]
[PlyCount "73"]
[EventDate "2004.07.??"]
[EventType "swiss"]
[EventRounds "9"]
[EventCountry "GER"]
[SourceTitle "EXT 2006"]
[Source "ChessBase"]
[SourceDate "2005.11.24"]
[SourceVersion "1"]
[SourceVersionDate "2005.11.24"]
[SourceQuality "1"]

1. d4 Nc6 2. c4 d5 3. Nc3 Nf6 4. cxd5 Nxd5 5. e4 Nb6 6. Bb5 Bd7 7. Nge2 a6 8. Bd3 Bg4 9. Be3 e5 10. d5 Nb4 11. f3 Nxd3+ 12. Qxd3 Bd7 13. 0-0 Bd6 14. Rad1 Qe7 15. f4 f6 16. f5 g6 17. Ng3 Na4 18. Qd2 Nxc3 19. bxc3 Bb5 20. Rf3 g5 21. Rb1 b6 22. Qc2 Bc4 23. Nf1 Kf7 24. Nd2 Bb5 25. a4 Bd7 26. Nc4 Bc5 27. d6 Bxd6 28. Nxd6+ Qxd6 29. Rd1 Qe7 30. Qb3+ Kf8 31. Bc1 Qe8 32. Ba3+ Kg7 33. Qc4 Rc8 34. Qxa6 Bxa4 35. Rb1 Bc2 36. Re1 Qa4 37. Bb4 0-1

[Event "Dortmund op-B"]
[Site "Dortmund"]
[Date "2004.07.30"]
[Round "8"]
[White "Madalinski, Nikolaus"]
[Black "Kaplun, Viktoria"]
[Result "0-1"]
[WhiteElo "1558"]
[BlackElo "1784"]
[PlyCount "158"]
[EventDate "2004.07.??"]
[EventType "swiss"]
[EventRounds "9"]
[EventCountry "GER"]
[SourceTitle "EXT 2006"]
[Source "ChessBase"]
[SourceDate "2005.11.24"]
[SourceVersion "1"]
[SourceVersionDate "2005.11.24"]
[SourceQuality "1"]

1. e4 c5 2. Nf3 e6 3. d4 cxd4 4. Nxd4 a6 5. Bd3 Qc7 6. 0-0 Nf6 7. Re1 d6 8. c4 Be7 9. Nc3 0-0 10. Be3 Nbd7 11. Rc1 b6 12. a3 Bb7 13. Bg5 Rac8 14. Qd2 Ne5 15. Bf1 h6 16. Bf4 Ng6 17. Bg3 Nh5 18. b4 Bg5 19. f4 Ngxf4 20. Qd1 Nxg3 21. hxg3 Ng6 22. Rc2 d5 23. Nf3 dxe4 24. Nxg5 hxg5 25. Nxe4 Bxe4 26. Rxe4 Qxg3 27. Qf3 Qxf3 28. gxf3 Rfd8 29. a4 Nf4 30. c5 a5 31. Ba6 Rc7 32. c6 Rd5 33. bxa5 bxa5 34. Bb7 Nd3 35. Rec4 f5 36. Rd2 e5 37. Rc3 e4 38. Rb3 Nb4 39. Rxd5 Nxd5 40. Rb5 Ne7 41. fxe4 fxe4 42. Rxa5 Nxc6 43. Bxc6 Rxc6 44. Rxg5 Rc4 45. a5 Kf7 46. a6 Ra4 47. Rg4 Kf6 48. a7 Rxa7 49. Rxe4 Kf5 50. Rb4 Re7 51. Rb5+ Re5 52. Rb8 g5 53. Kg2 Kf4 54. Kf2 Re4 55. Rf8+ Kg4 56. Rh8 Rf4+ 57. Kg2 Ra4 58. Rb8 Ra2+ 59. Kg1 Kh4 60. Kf1 Kg3 61. Rb3+ Kh2 62. Rb4 Rg2 63. Rb5 g4 64. Rh5+ Kg3 65. Rg5 Ra2 66. Rg8 Ra4 67. Rf8 Ra1+ 68. Ke2 Kg2 69. Rg8 g3 70. Rg7 Rh1 71. Rg8 Rh3 72. Rg7 Kh2 73. Kf1 Rh4 74. Rg8 Rf4+ 75. Ke2 g2 76. Rh8+ Kg1 77. Rg8 Rf2+ 78. Ke3 Kf1 79. Rg7 g1Q 0-1

[Event "Dortmund op-B"]
[Site "Dortmund"]
[Date "2004.07.24"]
[Round "2"]
[White "Sennholz, Michael"]
[Black "Kaplun, Viktoria"]
[Result "1/2-1/2"]
[WhiteElo "1514"]
[BlackElo "1784"]
[PlyCount "81"]
[EventDate "2004.07.??"]
[EventType "swiss"]
[EventRounds "9"]
[EventCountry "GER"]
[SourceTitle "EXT 2006"]
[Source "ChessBase"]
[SourceDate "2005.11.24"]
[SourceVersion "1"]
[SourceVersionDate "2005.11.24"]
[SourceQuality "1"]

1. e4 c5 2. Nf3 e6 3. d4 cxd4 4. Nxd4 a6 5. Nc3 Qc7 6. Be3 Nf6 7. Qd2 b5 8. Bd3 Bb7 9. 0-0 b4 10. Nce2 Nxe4 11. Bxe4 Bxe4 12. Ng3 Bb7 13. Rfe1 d5 14. Bf4 Qd7 15. Ngf5 Nc6 16. Nxc6 Bxc6 17. Qd4 f6 18. Bg3 Kf7 19. Nh4 e5 20. Qd2 Bd6 21. Rad1 Rhe8 22. c4 bxc3 23. Qxc3 Rab8 24. a3 Kg8 25. Rd2 Qb7 26. f3 Rec8 27. Nf5 Bf8 28. Qd3 Qb5 29. Qxb5 Rxb5 30. f4 e4 31. Kh1 Bd7 32. Ne3 Be6 33. h3 Rcb8 34. f5 Rxb2 35. Rxb2 Rxb2 36. fxe6 Rb3 37. Nxd5 Rxg3 38. e7 Bxe7 39. Nxe7+ Kf7 40. Rxe4 Rxa3 41. Nd5 1/2-1/2

[Event "GER-ch U18 Girls"]
[Site "Willingen"]
[Date "2004.06.03"]
[Round "8"]
[White "Wolowski, Laura"]
[Black "Kaplun, Viktoria"]
[Result "1/2-1/2"]
[WhiteElo "1777"]
[BlackElo "1671"]
[PlyCount "104"]
[EventDate "2004.06.??"]
[EventType "swiss"]
[EventRounds "9"]
[EventCountry "GER"]
[SourceTitle "EXT 2005"]
[Source "ChessBase"]
[SourceDate "2004.11.15"]
[SourceVersion "1"]
[SourceVersionDate "2004.11.15"]
[SourceQuality "1"]

1. e4 c5 2. Nf3 e6 3. d4 cxd4 4. Nxd4 a6 5. Bd3 Qc7 6. c4 Nf6 7. Nc3 Be7 8. 0-0 d6 9. Be3 Nbd7 10. Kh1 b6 11. f4 Bb7 12. f5 e5 13. Nf3 Rc8 14. Nd5 Nxd5 15. cxd5 0-0 16. Qe2 a5 17. Rac1 Qb8 18. Qf2 Nc5 19. Bb1 Ba6 20. Rfd1 Rc7 21. Qg3 Bf6 22. Qh3 Qd8 23. g4 h6 24. Rg1 Be2 25. Qg2 Bxf3 26. Qxf3 Bg5 27. Rc3 Bxe3 28. Qxe3 Qg5 29. Qxg5 hxg5 30. Rgc1 Rfc8 31. Bd3 Kf8 32. Kg2 Ke7 33. Kf3 Kd8 34. Ke3 Nd7 35. Rxc7 Rxc7 36. Rxc7 Kxc7 37. b3 Nf6 38. h3 Ng8 39. Bb5 Ne7 40. a4 f6 41. Be2 g6 42. Bd3 gxf5 43. gxf5 Nc8 44. Be2 Na7 45. Kd2 b5 46. Kc3 Kb6 47. Bf1 Kc5 48. Be2 bxa4 49. bxa4 Nc8 50. Bd1 Nb6 51. Bb3 Nc8 52. Bd1 Nb6 1/2-1/2

[Event "GER-ch U18 Girls"]
[Site "Willingen"]
[Date "2004.06.01"]
[Round "5"]
[White "Kaplun, Viktoria"]
[Black "Brethauer, Sarah"]
[Result "1/2-1/2"]
[WhiteElo "1671"]
[BlackElo "1887"]
[PlyCount "75"]
[EventDate "2004.06.??"]
[EventType "swiss"]
[EventRounds "9"]
[EventCountry "GER"]
[SourceTitle "EXT 2005"]
[Source "ChessBase"]
[SourceDate "2004.11.15"]
[SourceVersion "1"]
[SourceVersionDate "2004.11.15"]
[SourceQuality "1"]

1. d4 d5 2. c4 e6 3. Nc3 Nf6 4. cxd5 exd5 5. Bg5 Nbd7 6. e3 c6 7. Bd3 Be7 8. Qc2 0-0 9. Nge2 Re8 10. 0-0 Nf8 11. f3 Ng6 12. e4 dxe4 13. fxe4 Ng4 14. Bxe7 Qxe7 15. Qd2 Qh4 16. h3 Nf6 17. Nf4 Rd8 18. Nxg6 hxg6 19. Qe3 Be6 20. Rad1 Qh5 21. Be2 Qa5 22. Bf3 Rac8 23. g4 Qb6 24. Rd2 Re8 25. Qf4 Qc7 26. Qxc7 Rxc7 27. Rc1 Rce7 28. Re1 Bd5 29. Nxd5 Nxd5 30. Rc1 Nf4 31. Kh2 g5 32. Kg3 Rd7 33. a4 Red8 34. Rcd1 a6 35. b4 Ng6 36. Bg2 Nf4 37. Bf1 Re8 38. e5 1/2-1/2

[Event "GER-ch U18 Girls"]
[Site "Willingen"]
[Date "2004.06.01"]
[Round "6"]
[White "Katte, Isabel"]
[Black "Kaplun, Viktoria"]
[Result "1-0"]
[WhiteElo "1944"]
[BlackElo "1671"]
[PlyCount "69"]
[EventDate "2004.06.??"]
[EventType "swiss"]
[EventRounds "9"]
[EventCountry "GER"]
[SourceTitle "EXT 2005"]
[Source "ChessBase"]
[SourceDate "2004.11.15"]
[SourceVersion "1"]
[SourceVersionDate "2004.11.15"]
[SourceQuality "1"]

1. e4 c5 2. Nc3 e5 3. Bc4 d6 4. d3 Be7 5. f4 exf4 6. Bxf4 Nf6 7. Nf3 h6 8. e5 dxe5 9. Nxe5 0-0 10. Qf3 Nbd7 11. Ng6 Re8 12. 0-0 Nf8 13. Nxe7+ Rxe7 14. Bxh6 Qd4+ 15. Kh1 Bg4 16. Qf2 N8d7 17. Bg5 Qxf2 18. Rxf2 Rae8 19. h3 Bh5 20. Bb5 Re1+ 21. Rf1 Rxa1 22. Rxa1 Re5 23. Bd2 a6 24. Ba4 b5 25. Bb3 b4 26. Na4 Re2 27. Bg5 Ne8 28. Kg1 Kf8 29. Kf1 Re5 30. Bd8 f6 31. Re1 Rxe1+ 32. Kxe1 Bf7 33. Nb6 Ne5 34. Nd5 Nd6 35. Be7+ 1-0

[Event "GER-ch U18 Girls"]
[Site "Willingen"]
[Date "2004.05.30"]
[Round "2"]
[White "Beltz, Franziska"]
[Black "Kaplun, Viktoria"]
[Result "1/2-1/2"]
[WhiteElo "2028"]
[BlackElo "1671"]
[PlyCount "100"]
[EventDate "2004.06.??"]
[EventType "swiss"]
[EventRounds "9"]
[EventCountry "GER"]
[SourceTitle "EXT 2005"]
[Source "ChessBase"]
[SourceDate "2004.11.15"]
[SourceVersion "1"]
[SourceVersionDate "2004.11.15"]
[SourceQuality "1"]

1. e4 c5 2. Nf3 e6 3. d4 cxd4 4. Nxd4 a6 5. Bd3 Qc7 6. 0-0 Nf6 7. Kh1 Be7 8. Nc3 d6 9. f4 Nbd7 10. Qf3 h6 11. Bd2 g5 12. f5 e5 13. Nde2 g4 14. Qf2 h5 15. Nd5 Nxd5 16. exd5 Nf6 17. Nc3 b5 18. Bg5 Bb7 19. Bxf6 Bxf6 20. a3 h4 21. Qe2 Rg8 22. Rf4 g3 23. h3 Qe7 24. Rb4 Qc7 25. Bxb5+ Ke7 26. Bd3 Rac8 27. Bxa6 Bxa6 28. Qxa6 Rb8 29. Rc4 Qd7 30. b4 Ra8 31. Qc6 Rgc8 32. Qxd7+ Kxd7 33. Rxc8 Rxc8 34. Ne4 Bd8 35. c3 Rc4 36. Re1 Bb6 37. a4 Bf2 38. Re2 Ba7 39. a5 Bd4 40. Rc2 Ba7 41. Re2 Bd4 42. Re1 Bxc3 43. Nxc3 Rxc3 44. Ra1 Kc7 45. b5 Rb3 46. b6+ Kb8 47. Kg1 Rb2 48. Kf1 Rf2+ 49. Kg1 Rb2 50. Kf1 Rf2+ 1/2-1/2

[Event "GER-ch U18 Girls"]
[Site "Willingen"]
[Date "2004.05.30"]
[Round "1"]
[White "Kaplun, Viktoria"]
[Black "Helmbold, Irene"]
[Result "1-0"]
[WhiteElo "1671"]
[BlackElo "1990"]
[PlyCount "95"]
[EventDate "2004.06.??"]
[EventType "swiss"]
[EventRounds "9"]
[EventCountry "GER"]
[SourceTitle "EXT 2005"]
[Source "ChessBase"]
[SourceDate "2004.11.15"]
[SourceVersion "1"]
[SourceVersionDate "2004.11.15"]
[SourceQuality "1"]

1. d4 Nf6 2. c4 g6 3. Nc3 Bg7 4. e4 d6 5. Nf3 0-0 6. Be2 e5 7. d5 Nbd7 8. Bg5 h6 9. Bh4 a5 10. 0-0 Nc5 11. Nd2 g5 12. Bg3 Ne8 13. f3 f5 14. exf5 Bxf5 15. Nde4 b6 16. Nxc5 bxc5 17. Bd3 Bd7 18. Qc2 Nf6 19. Bf2 Nh5 20. Be3 Nf4 21. Be4 Rb8 22. a4 Kh8 23. Nb5 Rb7 24. Bd2 Qa8 25. Kh1 Ne2 26. Bd3 Nd4 27. Qd1 c6 28. dxc6 Bxc6 29. Be4 Rd7 30. Bxc6 Nxc6 31. Be3 Qd8 32. Qe1 Nb4 33. Qe2 Rff7 34. Rad1 Bf8 35. Nc3 Nc6 36. Nb5 Nd4 37. Qd2 Bg7 38. Nc3 Rf8 39. Rfe1 Qa8 40. Nd5 Rdf7 41. Bxd4 exd4 42. Re6 Qd8 43. Rde1 g4 44. Ne7 gxf3 45. Ng6+ Kg8 46. Nxf8 fxg2+ 47. Qxg2 Rxf8 48. Re7 1-0